| 000 | 00992nam a22003017a 4500 | ||
|---|---|---|---|
| 001 | 5125 | ||
| 003 | FISKH | ||
| 005 | 20250602094932.0 | ||
| 008 | 241107b cb ||||| |||| 00| 0 eng d | ||
| 020 | _a9780545109444 | ||
| 040 |
_aFISKH _beng _cFISKH _dFISKH |
||
| 050 | _aSB63.C46 | ||
| 082 | _a634.11092 | ||
| 100 |
_aKurtz, Jane _d(1952-) |
||
| 245 |
_aJohnny appleseed / _cBy Jane Kurtz Illustrated by Mary Haverfield |
||
| 250 | _aFirst printing in 2008 | ||
| 260 |
_aNew York : _bScholastic, _c2008. |
||
| 300 |
_a32 pages : _bcolor illustrations ; _c23 cm |
||
| 505 | _aJ | ||
| 520 | _aWho's that walking along the Ohio? It's Johnny Appleseed! He walks across the land, planting trees wherever he goes. So, everyone, clap your hands for Johnny Appleseed! | ||
| 521 | 8 |
_a430
_bLexile |
|
| 521 | 8 |
_aJ
_bRaz-Plus |
|
| 650 |
_2Apples _aFall _vAutumn |
||
| 650 |
_2Biography _aHistory. |
||
| 700 |
_aHaverfield, Mary _dIllustrator |
||
| 942 |
_2ddc _cBK _n0 |
||
| 999 |
_c5125 _d5125 |
||